| 000 | 00790nam a22002417a 4500 | ||
|---|---|---|---|
| 003 | DO-SdBNP | ||
| 005 | 20171206095206.0 | ||
| 008 | 161031b 1996 xxu a 00| 0 spa d | ||
| 020 | _a0673758451 | ||
| 040 |
_aBPMSU _bspa _cBPMSU |
||
| 082 |
_axxxx _bxxx |
||
| 245 | 0 | 0 |
_aLevantemos el cielo : _buna leyenda de los indios Snohomish _ccontada por Richard Vaughan ; ilustrado Robin Moore. |
| 260 |
_aEstados Unidos : _bCelebration Press, _bScott Foresman, _c1996. |
||
| 300 |
_a16 p. : _bil. ; _c18 cm. |
||
| 490 | 1 | _aPequeñitas celebraciones | |
| 700 | 1 | 2 | _aVaughan, Richard |
| 700 | 1 | 2 |
_aMoore, Robin _eil. |
| 830 | 0 | _aPequeñitas celebraciones | |
| 910 | _a000144 | ||
| 942 |
_2ddc _cBK |
||
| 945 | _ainventariado extranjero / DG | ||
| 956 |
_2YLOCKWARD _310 _8BPMSU _aYngrid Lockward |
||
| 999 |
_c12758 _d12758 |
||